000 00545 a2200193 4500
005 20240503120043.0
010 _aB-758851
020 _c200.00
035 _aB-758851
037 _bGift/Unesco
082 _aS
100 _aMishkaben, Marija Sree
_965569
245 _aTo Survive and to Prevail/
_b Marija Sree Mishkaben
260 _aNew Delhi
_bIndian Social Institute
_c1969
270 _aNew Delhi
300 _avii, 156 p.;
_c22cm. (hb)
942 _adpl
_cEN
_2ddc
_hS
_mMIS
999 _c202609
_d202609